Fr. Conceicao Rodrigues College of Engineering

Machine tool practices (Record no. 22584)

MARC details
000 -LEADER
fixed length control field 00360nam a2200169Ia 4500
082 ## - DEWEY DECIMAL CLASSIFICATION NUMBER
Classification number 621.902
Item number KIB
100 ## - MAIN ENTRY--PERSONAL NAME
Personal name Kibbe/Richard R
250 ## - EDITION STATEMENT
Edition statement 9
245 ## - TITLE STATEMENT
Title Machine tool practices
260 ## - PUBLICATION, DISTRIBUTION, ETC.
Name of publisher, distributor, etc. Prentice -Hall of India
Date of publication, distribution, etc. 2010
366 ## - TRADE AVAILABILITY INFORMATION
Publishers's discount category 25
300 ## - PHYSICAL DESCRIPTION
Extent 800
546 ## - LANGUAGE NOTE
Language note ENGLISH
-- Info.Tech
650 ## - SUBJECT ADDED ENTRY--TOPICAL TERM
Topical term or geographic name entry element Machine tool
942 ## - ADDED ENTRY ELEMENTS (KOHA)
Koha item type BOOK
Holdings
Withdrawn status Lost status Damaged status Not for loan Collection Home library Current library Date acquired Source of acquisition Cost, normal purchase price Inventory number Total Checkouts Full call number Barcode Date last seen Cost, replacement price Price effective from Koha item type
        CRC Fr. Agnel's C.Rodrigues College of Engineering Fr. Agnel's C.Rodrigues College of Engineering 17/03/2023 Allied Publishers 521.25 3536 dt 21/03/2012   621.902 KIB 22009 17/03/2023 695.00   BOOK